Normal view
MARC view
- Inayat Kibriya
Entry Personal Name
001 - CONTROL NUMBER
- control field: 129433
003 - CONTROL NUMBER IDENTIFIER
- control field: NUST
005 - DATE AND TIME OF LATEST TRANSACTION
- control field: 20250707102730.0
008 - FIXED-LENGTH DATA ELEMENTS
- fixed length control field: 250707|| aca||aabn | a|a d
040 ## - CATALOGING SOURCE
- Original cataloging agency: NUST
- Transcribing agency: NUST
100 ## - HEADING--PERSONAL NAME
- Personal name: Inayat Kibriya
670 ## - SOURCE DATA FOUND
- Source citation: Work cat.: (NUST)565235: Inayat Kibriya, Inqalab e Payham /, 1981
